Soccer Players by Letter - J - Statistics

General Stats
  • This quiz has been taken 440 times
  • The average score is 6 of 12
Answer Stats
Picture Answer % Correct
Vinicius Junior
97%
Gabriel Jesus
92%
Jorginho
80%
Jairzinho
71%
Curtis Jones
64%
Raúl Jiménez
52%
Nicolas Jackson
49%
Adnan Januzaj
45%
Juninho
41%
Glen Johnson
33%
Pat Jennings
11%
Jimmy Johnstone
10%
No matching quizzes found
Score Distribution
Percent of People with Each Score
Percentile by Number Answered
Your Score History
You have not taken this quiz